Lava Chicken Lyrics (español) - Estadísticas

Estadísticas generales
  • Esta prueba ha sido intentada 14 veces
  • La puntuación promedio es 17 de 38
Estadísticas de respuestas
Respuesta % Correcto
Ch
100%
Ch
100%
Ch
100%
Chicken
100%
La
100%
La
100%
La
100%
Lava
100%
Chicken
67%
Lava
67%
Steve's
56%
Yeah
44%
And
33%
As
33%
Bell
33%
Crispy
33%
Hell
33%
It's
33%
Juicy
33%
Mamacita
33%
Now
33%
Now
33%
Ringing
33%
The
33%
You're
33%
A
22%
A
22%
Attack!
22%
Having
22%
Lava
22%
Ooh
22%
Snack
22%
Spicy
22%
Super
22%
Tasty
22%
You're
22%
It's
11%
Ooh
11%
No se encontraron pruebas coincidentes
Distribución de puntuación
Porcentaje de gente con cada puntuación
Porcentaje por número respondido
Historial de tus puntuaciones
No has intentado esta prueba.